العيون والجواسيس في الدولة الإسلامية / (رقم التسجيلة. 98731)

تفاصيل مارك
000 -LEADER
fixed length control field 00608nam a22001937a 4500
005 - DATE AND TIME OF LATEST TRANSACTION
control field 20251108173220.0
008 - FIXED-LENGTH DATA ELEMENTS--GENERAL INFORMATION
fixed length control field 250721s2005 xx 000 0 ara d
082 14 - DEWEY DECIMAL CLASSIFICATION NUMBER
Classification number 327.12095602/بره
100 1# - MAIN ENTRY--PERSONAL NAME
Personal name البرهاوي، رعد محمود أحمد
245 10 - TITLE STATEMENT
Title العيون والجواسيس في الدولة الإسلامية /
264 1# - PRODUCTION, PUBLICATION, DISTRIBUTION, MANUFACTURE, AND COPYRIGHT NOTICE
Place of production, publication, distribution, manufacture الأردن :
Name of producer, publisher, distributor, manufacturer دار الكتاب الثقافي،
Date of production, publication, distribution, manufacture, or copyright notice 2005.
300 ## - PHYSICAL DESCRIPTION
Extent 319ص.
650 17 - SUBJECT ADDED ENTRY--TOPICAL TERM
Topical term or geographic name as entry element التجسس
650 17 - SUBJECT ADDED ENTRY--TOPICAL TERM
Topical term or geographic name as entry element التاريخ الإسلامي
650 17 - SUBJECT ADDED ENTRY--TOPICAL TERM
Topical term or geographic name as entry element الفقه
650 17 - SUBJECT ADDED ENTRY--TOPICAL TERM
Topical term or geographic name as entry element الجاسوسية
942 ## - ADDED ENTRY ELEMENTS (KOHA)
Source of classification or shelving scheme Dewey Decimal Classification
Koha item type كتب
المقتنيات
حالة السحب حالة الفقدان مصدر التصنيف حالة التلف غير قابل للإعارة المكتبة الرئيسية المكتبة الحالية موقع الرف تاريخ التزويد الرقم المتسلسل Total Checkouts رقم الإستدعاء الباركود تاريخ آخر ظهور تاريخ الفاتورة نوع المادة (كوها)
    Dewey Decimal Classification     المكتبة المركزية المكتبة المركزية الإعارة 28/07/2025 1003185   327.12095602/بره 1003185 28/07/2025 28/07/2025 كتب
Implemented & Customized by: BBB with SCIT (Smart Chains for Information Technology)

Powered by Koha